000
00286nam a2200121Ia 4500
008
190216s9999||||xx |||||||||||||| ||und||
100
_a
Durgaprasad Shukla
245
0
_a
Hindi-Rathna Prashnothari
260
_b
Megha Prakashan
_c
2010
300
_a
0.184
650
_a
Hindi
942
_c
BK
999
_c
16759
_d
16759